Manual de neurogenética /

Manual de neurogenética, surgido a partir de la inquietud de sus autores por el asombroso desarrollo de la genética a inicios del siglo XXI y el impacto que los nuevos conocimientos de esta especialidad tienen y pueden tener en el ámbito de la neurología. Los primeros ocho textos del manual consiste...

Fuld beskrivelse

Guardado en:
Bibliografiske detaljer
Andre forfattere: Jiménez Escrig, Adriano (dir.) Conductor
Format: Bog
Sprog:spansk
Udgivet: Madrid, España : Díaz de Santos, 2003, c2003
Fag:
Tags: Tilføj Tag
Ingen Tags, Vær først til at tagge denne postø!

MARC

LEADER 00000nam^a2200000^a^4500
001 000151588
005 20250521000000.0
009 20260310100214.644
020 |a 84-7978-556-X 
037 |a Acervo ITESO - Biblioteca 
041 |a ESP 
082 |a 616. 84  |b JIM 
100 |a Jiménez Escrig, Adriano  |e (dir.) 
245 1 0 |a Manual de neurogenética /  |c Dir. de A. Jiménez Escrig. 
264 4 |a Madrid, España :  |b Díaz de Santos,  |c 2003, c2003 
300 |a XII, 295 p. 
336 |a texto  |b txt  |2 rdacontenido 
337 |a sin mediación  |b n  |2 rdamedio 
338 |a volumen  |b nc  |2 rdasoporte 
520 |a Manual de neurogenética, surgido a partir de la inquietud de sus autores por el asombroso desarrollo de la genética a inicios del siglo XXI y el impacto que los nuevos conocimientos de esta especialidad tienen y pueden tener en el ámbito de la neurología. Los primeros ocho textos del manual consisten en una revisión de los conocimientos básicos de la genética, comenzando por una descripción de los datos de la biología molecular y la genética más relevantes para el clínico, en tanto que la segunda parte presenta una descripción de las bases genéticas de las más importantes enfermedades neurológicas. 
649 |a XX 
650 |a Herencia de la Enfermedad 
650 |a Herencia (Biología) 
650 |a Genética 
650 |a Neurología 
650 |a Biología Molecular 
650 |a Ciencias Médicas 
910 |a Fondo General 
920 |a Impresos - Libros 
930 |a Colección General 
905 |a 101 
901 |a 0500081425  |b IT1  |c ACC  |u 20250521 
902 |a https://opac.biblio.iteso.mx/vufind/Record/000151588